Integration of Enterprise Risk Management and Management Control System: Based on a Case Study
Diskusia o koncepciách a metodických otázkach riadenia podnikových rizík (ERM). Prípadová štúdia spoločnosti A ukazuje, že ERM bol implementovaný a integrovaný s kontrolou riadenia ako prostriedok monitorovania svojich dcérskych spoločností.
Uložené v:
| Hlavný autor: | |
|---|---|
| Ďalší autori: | |
| Médium: | Kapitola |
| Jazyk: | English |
| Predmet: | |
| Tagy: |
Žiadne tagy, Buďte prvý, kto otaguje tento záznam!
|
MARC
| LEADER | 00000nla a2200000 4500 | ||
|---|---|---|---|
| 001 | 0242739 | ||
| 005 | 20220803162001.0 | ||
| 041 | 0 | |a eng | |
| 044 | |a UA | ||
| 245 | 1 | 0 | |a Integration of Enterprise Risk Management and Management Control System: Based on a Case Study |
| 520 | |a Diskusia o koncepciách a metodických otázkach riadenia podnikových rizík (ERM). Prípadová štúdia spoločnosti A ukazuje, že ERM bol implementovaný a integrovaný s kontrolou riadenia ako prostriedok monitorovania svojich dcérskych spoločností. | ||
| 610 | 2 | 0 | |a manažment |
| 610 | 2 | 0 | |a riziko |
| 610 | 2 | 0 | |a riziko obchodné |
| 610 | 2 | 0 | |a riziko podnikateľské |
| 610 | 2 | 0 | |a audit |
| 610 | 2 | 0 | |a audit interný |
| 610 | 2 | 0 | |a kontrola |
| 610 | 2 | 0 | |a kontrola podniková |
| 610 | 2 | 0 | |a kontrola riadenia |
| 610 | 2 | 0 | |a štúdie prípadové |
| 100 | 1 | |a Shin, Ilhang | |
| 700 | 1 | |a Park, Sorah | |